Thủ tướng Võ Văn Kiệt = Prime Minister Vo Van Kiet
Nhân kỷ niệm 90 năm ngày sinh thủ tướng Võ Văn Kiệt (23/11/1922-23/11/2012), để tưởng nhớ và tôn vinh sự đóng góp của ông với cách mạng, với dân tộc và cũng góp phần tuyên truyền, giáp dục truyền thống yêu nước của nhân dân ta. Tập sách a...
Na minha lista:
| Autor principal: | |
|---|---|
| Formato: | Livro |
| Idioma: | Undetermined |
| Publicado em: |
Hà Nội
Thông tấn
2011
|
| Assuntos: | |
| Tags: |
Adicionar Tag
Sem tags, seja o primeiro a adicionar uma tag!
|
| Thư viện lưu trữ: | Trung tâm Học liệu Trường Đại học Cần Thơ |
|---|
| LEADER | 01158nam a2200229Ia 4500 | ||
|---|---|---|---|
| 001 | CTU_180105 | ||
| 008 | 210402s9999 xx 000 0 und d | ||
| 020 | |c 250000 | ||
| 082 | |a 959.7092 | ||
| 082 | |b K309 | ||
| 100 | |a Võ, Văn Kiệt | ||
| 245 | 0 | |a Thủ tướng Võ Văn Kiệt = | |
| 245 | 0 | |b Prime Minister Vo Van Kiet | |
| 245 | 0 | |c Võ Văn Kiệt | |
| 260 | |a Hà Nội | ||
| 260 | |b Thông tấn | ||
| 260 | |c 2011 | ||
| 520 | |a Nhân kỷ niệm 90 năm ngày sinh thủ tướng Võ Văn Kiệt (23/11/1922-23/11/2012), để tưởng nhớ và tôn vinh sự đóng góp của ông với cách mạng, với dân tộc và cũng góp phần tuyên truyền, giáp dục truyền thống yêu nước của nhân dân ta. Tập sách ảnh đuợc sưu tầm, tuyển chọn để tưởng nhớ về vị thủ tứơng này. | ||
| 650 | |a Thủ tướng,Chính trị gia,Prime minister,Politician | ||
| 650 | |z Việt Nam,Việt Nam,Vietnam,Vietnam | ||
| 904 | |i Trinh | ||
| 980 | |a Trung tâm Học liệu Trường Đại học Cần Thơ | ||